Electric machinery and transformers (Record no. 440)

000 -LEADER
fixed length control field 00469nam a2200193 4500
001 - CONTROL NUMBER
control field 440
003 - CONTROL NUMBER IDENTIFIER
control field BD-DhUET
008 - FIXED-LENGTH DATA ELEMENTS--GENERAL INFORMATION
fixed length control field 140721b xxu||||| |||| 00| 0 eng d
020 ## - INTERNATIONAL STANDARD BOOK NUMBER
International Standard Book Number 81203007755
040 ## - CATALOGING SOURCE
Transcribing agency 0
Modifying agency BD-DhUET
082 ## - DEWEY DECIMAL CLASSIFICATION NUMBER
Classification number 623.1042
Item number KOS/1991
100 ## - MAIN ENTRY--PERSONAL NAME
Personal name Kosow, Irving L.
245 ## - TITLE STATEMENT
Title Electric machinery and transformers
250 ## - EDITION STATEMENT
Edition statement 2nd ed.
260 ## - PUBLICATION, DISTRIBUTION, ETC. (IMPRINT)
Place of publication, distribution, etc. New Delhi
Name of publisher, distributor, etc. Prentice-Hall
Date of publication, distribution, etc. 1991
300 ## - PHYSICAL DESCRIPTION
Extent xiv,626p.
650 #0 - SUBJECT ADDED ENTRY--TOPICAL TERM
Topical term or geographic name as entry element Electric machinery
942 ## - ADDED ENTRY ELEMENTS (KOHA)
Koha item type General Book
Holdings
Koha date last seen Copy number Not for loan Koha issues (times borrowed) Location (home branch) Koha normalized classification for sorting Date acquired Damaged status Koha full call number Koha item type Koha date last borrowed Lost status Withdrawn status Piece designation (barcode) Shelving location Price effective from Sublocation or collection (holding branch) Source of classification or shelving scheme
2014-07-211  Central Library, BUET623_104200000000000_KOS_19912014-07-21 623.1042/KOS/1991General Book   103680Circulation section2014-07-21Central Library, BUET 
2016-12-072  Central Library, BUET623_104200000000000_KOS_19912014-07-21 623.1042/KOS/1991General Book   103681Circulation section2014-07-21Central Library, BUET 
2021-12-153 1Central Library, BUET623_104200000000000_KOS_19912014-07-21 623.1042/KOS/1991General Book2021-12-05  103682Circulation section2014-07-21Central Library, BUET 
2014-07-214  Central Library, BUET623_104200000000000_KOS_19912014-07-21 623.1042/KOS/1991General Book   103683Circulation section2014-07-21Central Library, BUET 
2014-07-215  Central Library, BUET623_000000000000000_1042KOS1992014-07-21 623.1042/KOS/1991General Book   103684Circulation section2014-07-21Central Library, BUET 
2014-07-216  Central Library, BUET623_104200000000000_KOS_19912014-07-21 623.1042/KOS/1991General Book   103685Circulation section2014-07-21Central Library, BUET 
2014-07-217  Central Library, BUET623_104200000000000_KOS_19912014-07-21 623.1042/KOS/1991General Book   103686Circulation section2014-07-21Central Library, BUET 
2016-11-298  Central Library, BUET623_000000000000000_1042KOS1992014-07-21 623.1042/KOS/1991General Book   103688Circulation section2014-07-21Central Library, BUET 
2017-03-119  Central Library, BUET623_104200000000000_KOS_19912014-07-21 623.1042/KOS/1991General Book   103689Circulation section2014-07-21Central Library, BUET